[Event "Titled Tuesday intern op 19th Sep Early"]
[Site "Chess.com INT"]
[Date "2023.09.19"]
[Round "2"]
[White "Martins, Bruno Andre Leite"]
[Black "Pg, Mohd Omar Ak Hira"]
[Result "1-0"]
[WhiteElo "2325"]
[BlackElo "2166"]
[PlyCount "69"]
[EventDate "2023.09.19"]
[EventType "swiss (blitz)"]
[EventRounds "11"]
[EventCountry "USA"]
[SourceTitle "EXT 2024"]
[Source "ChessBase"]
[SourceDate "2023.10.10"]
[SourceVersion "1"]
[SourceVersionDate "2023.10.10"]
[SourceQuality "1"]

1. d4 d5 2. c4 c6 3. Nc3 Nf6 4. Nf3 g6 5. Qa4 Bg7 6. cxd5 Nxd5 7. e4 Nxc3 8. bxc3 0-0 9. Be2 b5 10. Qc2 a5 11. 0-0 Nd7 12. Be3 Nb6 13. Rfd1 Bg4 14. h3 Bxf3 15. Bxf3 Nc4 16. Bg5 Qc7 17. e5 Rab8 18. a4 c5 19. axb5 h6 20. Bh4 Rxb5 21. Qa4 Nb2 22. Qxb5 Nxd1 23. Rxd1 cxd4 24. cxd4 g5 25. Bg3 Rb8 26. Qc6 Qxc6 27. Bxc6 e6 28. f3 Rb6 29. d5 exd5 30. Bxd5 Bf8 31. Bf2 Rb2 32. e6 fxe6 33. Bxe6+ Kh8 34. Bd4+ Bg7 35. Bxb2 1-0

[Event "Titled Tuesday intern op 06th Jun Early"]
[Site "Chess.com INT"]
[Date "2023.06.06"]
[Round "5"]
[White "Pg, Mohd Omar Ak Hira"]
[Black "Pinheiro, Iung Alicio"]
[Result "0-1"]
[WhiteElo "2166"]
[BlackElo "2306"]
[PlyCount "58"]
[EventDate "2023.06.06"]
[EventType "swiss (blitz)"]
[EventRounds "11"]
[EventCountry "USA"]
[SourceTitle "EXT 2024"]
[Source "ChessBase"]
[SourceDate "2023.10.10"]
[SourceVersion "1"]
[SourceVersionDate "2023.10.10"]
[SourceQuality "1"]

1. e4 c5 2. Nf3 Nc6 3. d4 cxd4 4. Nxd4 e5 5. Nb5 d6 6. N1c3 a6 7. Na3 b5 8. Nd5 Nge7 9. Be3 Nxd5 10. exd5 Ne7 11. c4 Nf5 12. cxb5 Nxe3 13. fxe3 Qh4+ 14. Kd2 Qb4+ 15. Kc1 Be7 16. Nc2 Qc5 17. b4 Qc7 18. e4 0-0 19. Kb2 f5 20. Bd3 axb5 21. Ne3 fxe4 22. Bxe4 Rf4 23. Qd3 Rf2+ 24. Nc2 Bg4 25. Bxh7+ Kh8 26. Bg6 e4 27. Qxe4 Bf6+ 28. Kb1 Qc3 29. Kc1 Qb2# 0-1

[Event "Titled Tuesday intern op 06th Jun Early"]
[Site "Chess.com INT"]
[Date "2023.06.06"]
[Round "3"]
[White "Pg, Mohd Omar Ak Hira"]
[Black "Veiga, Jose Francisco RP"]
[Result "0-1"]
[WhiteElo "2166"]
[BlackElo "2409"]
[PlyCount "48"]
[EventDate "2023.06.06"]
[EventType "swiss (blitz)"]
[EventRounds "11"]
[EventCountry "USA"]
[SourceTitle "EXT 2024"]
[Source "ChessBase"]
[SourceDate "2023.10.10"]
[SourceVersion "1"]
[SourceVersionDate "2023.10.10"]
[SourceQuality "1"]

1. e4 Nc6 2. d4 d5 3. e5 Bf5 4. Nf3 e6 5. Bd3 Bxd3 6. Qxd3 f6 7. exf6 Nxf6 8. 0-0 Bd6 9. Nc3 0-0 10. Nb5 e5 11. Nxd6 cxd6 12. dxe5 dxe5 13. Qb3 e4 14. Ng5 Qd7 15. Rd1 h6 16. Nh3 Ne5 17. Bf4 Nfg4 18. Bxe5 Nxe5 19. Qxd5+ Qxd5 20. Rxd5 Rae8 21. Re1 Nc4 22. b3 e3 23. bxc4 exf2+ 24. Nxf2 Rxe1# 0-1

[Event "Titled Tuesday intern op 30th May Early"]
[Site "Chess.com INT"]
[Date "2023.05.30"]
[Round "4"]
[White "Pg, Mohd Omar Ak Hira"]
[Black "Gazineu Neto, Rubens"]
[Result "1-0"]
[WhiteElo "2166"]
[BlackElo "1912"]
[PlyCount "69"]
[EventDate "2023.05.30"]
[EventType "swiss (blitz)"]
[EventRounds "11"]
[EventCountry "USA"]
[SourceTitle "CBM 214 Extra"]
[Source "ChessBase"]
[SourceDate "2023.07.31"]
[SourceVersion "1"]
[SourceVersionDate "2023.07.31"]
[SourceQuality "1"]

1. e4 c5 2. Nf3 Nc6 3. d4 cxd4 4. Nxd4 Nf6 5. Nc3 e5 6. Ndb5 d6 7. Be2 a6 8. Na3 b5 9. Nd5 Be7 10. Nxf6+ Bxf6 11. c3 Be6 12. Bf3 Ne7 13. 0-0 d5 14. Nc2 dxe4 15. Bxe4 Bd5 16. Qe2 Bxe4 17. Qxe4 0-0 18. Ne3 Qc7 19. Ng4 Qd6 20. Be3 Rad8 21. h3 Qe6 22. Bc5 Rfe8 23. Bxe7 Rxe7 24. a4 Bg5 25. Qb4 f5 26. Nh2 Rd5 27. Nf3 Bf6 28. axb5 Rxb5 29. Qa3 Rb6 30. Rfe1 Kf7 31. Rad1 h6 32. Rd8 Kg6 33. Nd4 Qd6 34. Rxd6 exd4 35. Rxe7 1-0

[Event "Titled Tuesday intern op 23rd May Early"]
[Site "Chess.com INT"]
[Date "2023.05.23"]
[Round "11"]
[White "Pg, Mohd Omar Ak Hira"]
[Black "Toktomushev, Teimur"]
[Result "0-1"]
[WhiteElo "2166"]
[BlackElo "2239"]
[PlyCount "32"]
[EventDate "2023.05.23"]
[EventType "swiss (blitz)"]
[EventRounds "11"]
[EventCountry "USA"]
[SourceTitle "CBM 214 Extra"]
[Source "ChessBase"]
[SourceDate "2023.07.31"]
[SourceVersion "1"]
[SourceVersionDate "2023.07.31"]
[SourceQuality "1"]

1. e4 c5 2. Nf3 e6 3. d4 cxd4 4. Nxd4 a6 5. Be2 Nc6 6. 0-0 Qc7 7. Nc3 Nxd4 8. Qxd4 Bd6 9. h3 Nf6 10. Bf3 Be5 11. Qe3 b5 12. Ne2 Bb7 13. c3 h5 14. Nd4 Ng4 15. Qg5 Bxd4 16. cxd4 Qh2# 0-1

[Event "Titled Tuesday intern op 23rd May Early"]
[Site "Chess.com INT"]
[Date "2023.05.23"]
[Round "1"]
[White "Principe, Gerson"]
[Black "Pg, Mohd Omar Ak Hira"]
[Result "0-1"]
[WhiteElo "2226"]
[BlackElo "2166"]
[PlyCount "162"]
[EventDate "2023.05.23"]
[EventType "swiss (blitz)"]
[EventRounds "11"]
[EventCountry "USA"]
[SourceTitle "CBM 214 Extra"]
[Source "ChessBase"]
[SourceDate "2023.07.31"]
[SourceVersion "1"]
[SourceVersionDate "2023.07.31"]
[SourceQuality "1"]

1. Nf3 Nf6 2. b3 g6 3. g3 Bg7 4. Bb2 0-0 5. Bg2 d5 6. 0-0 c5 7. e3 Nc6 8. d4 b6 9. Nbd2 Bb7 10. c4 cxd4 11. Nxd4 Nxd4 12. Bxd4 Qd7 13. Rc1 Rfd8 14. Qc2 Rac8 15. Qb2 dxc4 16. Bxb7 Qxb7 17. Nxc4 Ne4 18. Bxg7 Ng5 19. f3 Nxf3+ 20. Kf2 Ng5 21. Bd4 Nh3+ 22. Ke1 Qe4 23. Rd1 b5 24. Nd2 Qg2 25. Nf3 Rc2 26. Qxc2 Qxc2 27. Rd2 Qb1+ 28. Ke2 Qe4 29. Rfd1 f6 30. Bxa7 Rxd2+ 31. Rxd2 Qb7 32. Bc5 h6 33. a3 Ng5 34. Nxg5 hxg5 35. b4 Kf7 36. Kd3 Ke6 37. Kc3 Qh1 38. Kc2 Qa1 39. Kd3 Qxa3+ 40. Ke2 Qc1 41. Rd1 Qc4+ 42. Kf2 f5 43. Rd2 f4 44. exf4 gxf4 45. Re2+ Kf5 46. Rxe7 fxg3+ 47. hxg3 Kg4 48. Re2 Qd3 49. Re3 Qd2+ 50. Re2 Qd5 51. Re3 Qh1 52. Ke2 Qg2+ 53. Kd3 Qf1+ 54. Kd4 Qc4+ 55. Ke5 Kg5 56. Re4 Qf7 57. Re3 Qf6+ 58. Kd5 Qf7+ 59. Ke4 Qc4+ 60. Kf3 Kf5 61. Kf2 g5 62. Rf3+ Kg6 63. Re3 g4 64. Re2 Kf5 65. Rd2 Qc3 66. Ke1 Qxg3+ 67. Rf2+ Ke4 68. Ke2 Qd3+ 69. Ke1 Qc3+ 70. Kf1 Qc1+ 71. Kg2 Qc3 72. Re2+ Kf5 73. Rf2+ Kg5 74. Be7+ Kh5 75. Bc5 Qd3 76. Rf1 Qe4+ 77. Kg3 Qd3+ 78. Kg2 Qh3+ 79. Kg1 g3 80. Re1 Qh2+ 81. Kf1 g2+ 0-1

[Event "Titled Tuesday intern op 15th Nov Early"]
[Site "Chess.com INT"]
[Date "2022.11.15"]
[Round "6"]
[White "Papayan, Oleg"]
[Black "Pg, Mohd Omar Ak Hira"]
[Result "1-0"]
[WhiteElo "2253"]
[BlackElo "2166"]
[PlyCount "77"]
[EventDate "2022.11.15"]
[EventType "swiss (blitz)"]
[EventRounds "11"]
[EventCountry "USA"]
[SourceTitle "CBM 211 Extra"]
[Source "ChessBase"]
[SourceDate "2023.01.31"]
[SourceVersion "1"]
[SourceVersionDate "2023.01.31"]
[SourceQuality "1"]

1. e4 c5 2. Nf3 d6 3. c3 Nf6 4. Bd3 Bg4 5. Bc2 Nc6 6. h3 Bh5 7. 0-0 e5 8. Re1 Be7 9. d3 0-0 10. Nbd2 a6 11. Nf1 b5 12. Ng3 Bg6 13. d4 cxd4 14. cxd4 Rc8 15. d5 Nb4 16. Bb1 a5 17. a3 Na6 18. Bd3 Nc5 19. Bc2 Nh5 20. Nf5 Bxf5 21. exf5 Nf6 22. b4 Na6 23. Bd3 axb4 24. Bxb5 Nc7 25. Bc6 Rb8 26. axb4 Rxb4 27. Ba3 Rf4 28. Nxe5 dxe5 29. d6 Bxd6 30. Qxd6 Qxd6 31. Bxd6 Rc4 32. Bxf8 Rxc6 33. Rac1 Rxc1 34. Rxc1 Ncd5 35. Rc8 h6 36. Bd6+ Kh7 37. Bxe5 h5 38. Bxf6 Nxf6 39. Rf8 1-0

[Event "Titled Tuesday intern op 15th Nov Early"]
[Site "Chess.com INT"]
[Date "2022.11.15"]
[Round "4"]
[White "Pg, Mohd Omar Ak Hira"]
[Black "Biastoch, Bennet"]
[Result "1-0"]
[WhiteElo "2166"]
[BlackElo "2232"]
[PlyCount "129"]
[EventDate "2022.11.15"]
[EventType "swiss (blitz)"]
[EventRounds "11"]
[EventCountry "USA"]
[SourceTitle "CBM 211 Extra"]
[Source "ChessBase"]
[SourceDate "2023.01.31"]
[SourceVersion "1"]
[SourceVersionDate "2023.01.31"]
[SourceQuality "1"]

1. e4 c5 2. Nf3 Nc6 3. d4 cxd4 4. Nxd4 Qb6 5. Nb3 Nf6 6. Nc3 e6 7. Be2 a6 8. 0-0 Qc7 9. Bg5 Be7 10. Bh4 0-0 11. Bg3 d6 12. Nd4 b5 13. Nxc6 Qxc6 14. e5 Nd5 15. Nxd5 exd5 16. Bf3 Be6 17. exd6 Bxd6 18. Bxd6 Qxd6 19. c3 b4 20. c4 Rad8 21. cxd5 Bxd5 22. Bxd5 Qxd5 23. b3 g6 24. Qe2 a5 25. Rfd1 Qf5 26. h3 h5 27. Rxd8 Rxd8 28. Rd1 Rc8 29. Rd2 Rc1+ 30. Kh2 h4 31. Qe3 Rc8 32. Rd4 Rc2 33. Rd8+ Kg7 34. Qd4+ Qf6 35. Rg8+ Kxg8 36. Qxf6 Rxa2 37. Qd8+ Kg7 38. f3 Ra3 39. Qxh4 Rxb3 40. Qd4+ Kh7 41. Qa7 Ra3 42. Qxf7+ Kh6 43. Qb7 b3 44. h4 a4 45. Kg3 Ra2 46. Qb4 b2 47. Kf4 a3 48. g4 Ra1 49. g5+ Kg7 50. Qe7+ Kg8 51. Qe8+ Kg7 52. Qe7+ Kg8 53. Qe6+ Kf8 54. Qf6+ Ke8 55. Qxg6+ Kd7 56. Qf5+ Kc6 57. Qe6+ Kb5 58. Qd5+ Kb4 59. Qb7+ Kc3 60. Qc6+ Kd2 61. Qd5+ Ke2 62. Qc4+ Ke1 63. Qc3+ Kd1 64. Ke3 b1Q 65. Qd2# 1-0

[Event "Titled Tuesday intern op 15th Nov Early"]
[Site "Chess.com INT"]
[Date "2022.11.15"]
[Round "8"]
[White "Pg, Mohd Omar Ak Hira"]
[Black "Cramling Bellon, Anna"]
[Result "1-0"]
[WhiteElo "2166"]
[BlackElo "2072"]
[PlyCount "77"]
[EventDate "2022.11.15"]
[EventType "swiss (blitz)"]
[EventRounds "11"]
[EventCountry "USA"]
[SourceTitle "CBM 211 Extra"]
[Source "ChessBase"]
[SourceDate "2023.01.31"]
[SourceVersion "1"]
[SourceVersionDate "2023.01.31"]
[SourceQuality "1"]

1. e4 c5 2. Nf3 e6 3. d4 cxd4 4. Nxd4 Nf6 5. Nc3 Nc6 6. Ndb5 d6 7. Be2 a6 8. Na3 b5 9. Nab1 b4 10. Na4 Nxe4 11. Bf3 f5 12. Bxe4 fxe4 13. Be3 d5 14. 0-0 Be7 15. Qh5+ g6 16. Qh6 Ne5 17. Bd4 Bf6 18. c3 Nf7 19. Qe3 Bxd4 20. Qxd4 0-0 21. Qxb4 Bd7 22. Nc5 Rb8 23. Qd4 Rxb2 24. c4 Rb4 25. Nd2 Qe7 26. a3 Rbb8 27. cxd5 exd5 28. Qxd5 Rfd8 29. Nxd7 Rxd7 30. Qxe4 Qxe4 31. Nxe4 Re8 32. Nf6+ Kf8 33. Nxd7+ Ke7 34. Nc5 Rc8 35. Nxa6 Rc6 36. Nb4 Rb6 37. Rfe1+ Kd6 38. Rad1+ Kc7 39. Nd5+ 1-0

[Event "Titled Tuesday intern op 05th Oct"]
[Site "Chess.com INT"]
[Date "2021.10.05"]
[Round "9"]
[White "Pg, Mohd Omar Ak Hira"]
[Black "Hartikainen, Jarmo"]
[Result "1-0"]
[WhiteElo "2166"]
[BlackElo "2133"]
[PlyCount "123"]
[EventDate "2021.10.05"]
[EventType "swiss (blitz)"]
[EventRounds "11"]
[EventCountry "USA"]
[SourceTitle "CBM 204 Extra"]
[Source "ChessBase"]
[SourceDate "2021.11.30"]
[SourceVersion "1"]
[SourceVersionDate "2021.11.30"]
[SourceQuality "1"]

1. e4 c5 2. Nf3 Nc6 3. d4 cxd4 4. Nxd4 Nf6 5. Nc3 d6 6. Nxc6 bxc6 7. e5 dxe5 8. Qxd8+ Kxd8 9. Bg5 Bf5 10. 0-0-0+ Kc7 11. f3 e6 12. Bc4 Bb4 13. Ne2 Rad8 14. a3 Be7 15. Be3 Kb7 16. h4 h5 17. Bf2 Nd5 18. Rdg1 g5 19. Bxd5 exd5 20. Kb1 d4 21. Ng3 Bg6 22. Ne4 gxh4 23. Bxh4 Bxh4 24. Rxh4 d3 25. cxd3 Rxd3 26. Nc5+ Kc7 27. Nxd3 Bxd3+ 28. Kc1 Bg6 29. g4 Rh7 30. Rgh1 Kd6 31. gxh5 Bf5 32. h6 Ke6 33. Rg1 Bg6 34. Kd2 Kf5 35. Ke3 Rh8 36. Rc1 Kg5 37. Rh2 Rxh6 38. Rg1+ Kf6 39. Rxh6 Ke6 40. Rhxg6+ fxg6 41. Rxg6+ Kd5 42. Rg7 a6 43. Ra7 a5 44. Rxa5+ Ke6 45. Rxe5+ Kxe5 46. f4+ Kf5 47. b4 Ke6 48. Kd4 Kd6 49. f5 Ke7 50. Kc5 Kd7 51. f6 Ke6 52. Kxc6 Kxf6 53. b5 Ke5 54. b6 Kd4 55. b7 Kc4 56. b8Q Kd4 57. Qb4+ Kd3 58. Kd5 Kc2 59. Qc4+ Kb2 60. Qe2+ Kxa3 61. Kc4 Ka4 62. Qa2# 1-0

[Event "Olympiad-43"]
[Site "Batumi"]
[Date "2018.09.26"]
[Round "3.50"]
[White "Pg, Mohd Omar Ak Hira"]
[Black "Dragnev, Valentin"]
[Result "0-1"]
[WhiteElo "2175"]
[BlackElo "2508"]
[PlyCount "130"]
[EventDate "2018.09.24"]
[EventType "team-swiss"]
[EventRounds "11"]
[EventCountry "GEO"]
[SourceTitle "CBM 187"]
[Source "ChessBase"]
[SourceDate "2018.12.11"]
[SourceVersion "1"]
[SourceVersionDate "2018.12.11"]
[SourceQuality "1"]
[WhiteTeam "Brunei"]
[BlackTeam "Austria"]
[WhiteTeamCountry "BRN"]
[BlackTeamCountry "AUT"]

1. e4 c6 2. d4 d5 3. Nc3 dxe4 4. Nxe4 Nf6 5. Nxf6+ exf6 6. c3 Bd6 7. Bd3 0-0 8. Ne2 Re8 9. 0-0 Qc7 10. h3 Nd7 11. Be3 Nf8 12. c4 f5 13. c5 Be7 14. Bf4 Qd8 15. Qc2 g6 16. Rad1 Be6 17. b4 Nd7 18. b5 Nf6 19. bxc6 bxc6 20. Qa4 Qd7 21. Nc3 Rad8 22. Be2 Nd5 23. Nxd5 Bxd5 24. Bc4 g5 25. Bc1 Bxc4 26. Qxc4 Bf6 27. Bb2 Re4 28. Qa4 f4 29. Rd3 Rde8 30. Bc3 Re2 31. Rfd1 Qd5 32. a3 R8e7 33. Bb4 Rb2 34. Bc3 Ra2 35. R3d2 Rxd2 36. Rxd2 f3 37. Qd1 fxg2 38. Rd3 Rb7 39. Rf3 Rb1 40. Qxb1 Qxf3 41. Qb8+ Kg7 42. Qg3 Qd5 43. Qxg2 Qxg2+ 44. Kxg2 Kg6 45. Kf3 Kf5 46. Ke3 h5 47. Ba5 Ke6 48. Ke4 Be7 49. f3 f5+ 50. Kd3 Kd5 51. Be1 Bf6 52. Bf2 g4 53. fxg4 hxg4 54. hxg4 fxg4 55. a4 a5 56. Be3 g3 57. Bg1 Bg5 58. Kc3 Ke4 59. Kc4 Be3 60. Bxe3 Kxe3 61. d5 cxd5+ 62. Kxd5 g2 63. c6 g1Q 64. c7 Qg8+ 65. Kc6 Qc8 0-1

[Event "Olympiad-43"]
[Site "Batumi"]
[Date "2018.09.24"]
[Round "1.44"]
[White "Georgiev, Vladimir"]
[Black "Pg, Mohd Omar Ak Hira"]
[Result "1-0"]
[WhiteElo "2479"]
[BlackElo "2175"]
[PlyCount "59"]
[EventDate "2018.09.24"]
[EventType "team-swiss"]
[EventRounds "11"]
[EventCountry "GEO"]
[SourceTitle "CBM 187"]
[Source "ChessBase"]
[SourceDate "2018.12.11"]
[SourceVersion "1"]
[SourceVersionDate "2018.12.11"]
[SourceQuality "1"]
[WhiteTeam "Macedonia"]
[BlackTeam "Brunei"]
[WhiteTeamCountry "MKD"]
[BlackTeamCountry "BRN"]

1. d4 Nf6 2. Nf3 g6 3. Nbd2 d5 4. b4 Bg7 5. e3 0-0 6. c4 b6 7. Ba3 dxc4 8. Bxc4 Bb7 9. 0-0 a6 10. Qe2 Nc6 11. Rfd1 Nd5 12. Rac1 Ncxb4 13. e4 Nf4 14. Qe3 Bh6 15. Kf1 b5 16. Bxb4 bxc4 17. g3 c3 18. Bxc3 Qd7 19. gxf4 Qh3+ 20. Ke1 f5 21. Ng5 Qxh2 22. Ndf3 Qh5 23. d5 Bxg5 24. Nxg5 h6 25. Ne6 Rf7 26. Rb1 Rb8 27. Qa7 Re8 28. Rxb7 Qh1+ 29. Kd2 Qxe4 30. Qd4 1-0

[Event "Kuala Lumpur op 3rd"]
[Site "Kuala Lumpur"]
[Date "2006.08.26"]
[Round "10"]
[White "Bao, Khoa"]
[Black "Pg, Mohd Omar Ak Hira"]
[Result "0-1"]
[WhiteElo "2093"]
[BlackElo "2173"]
[PlyCount "128"]
[EventDate "2006.08.21"]
[EventType "swiss"]
[EventRounds "11"]
[EventCountry "MAS"]
[SourceTitle "CBM 114 Extra"]
[Source "ChessBase"]
[SourceDate "2006.11.03"]
[SourceVersion "1"]
[SourceVersionDate "2006.11.03"]
[SourceQuality "1"]

1. e4 c5 2. Nf3 Nc6 3. d4 cxd4 4. Nxd4 Nf6 5. Nc3 d6 6. Be3 Ng4 7. Bg5 Qb6 8. Nce2 e5 9. h3 Nxf2 10. Kxf2 exd4 11. Qd3 Qxb2 12. Rd1 Be7 13. Bxe7 Kxe7 14. Nf4 Be6 15. Be2 Qc3 16. Nd5+ Bxd5 17. exd5 Ne5 18. Qxd4 Qxd4+ 19. Rxd4 Rac8 20. Rb1 Rc7 21. Ra4 b6 22. Ke3 f5 23. c4 Re8 24. Kd4 Kf6 25. Rf1 g6 26. Rf2 Nd7 27. Bf3 Re1 28. Re2 Rd1+ 29. Kc3 Rc1+ 30. Kd2 R1xc4 31. Rxc4 Rxc4 32. Re6+ Kf7 33. Rxd6 Ne5 34. Be2 Ra4 35. Ke3 Ra3+ 36. Kd4 Ra4+ 37. Ke3 Rxa2 38. Re6 f4+ 39. Kf2 Nd3+ 40. Kf3 Rd2 41. Re4 b5 42. d6 a6 43. h4 Nc5 44. Rxf4+ Ke6 45. Bxb5 axb5 46. Rb4 Rd3+ 47. Kg4 Rb3 48. Rd4 h6 49. h5 g5 50. Rd1 Rd3 51. Re1+ Kxd6 52. Kf5 Kd7 53. g4 Rd6 54. Rc1 Nd3 55. Ra1 b4 56. Ra7+ Kc6 57. Ra6+ Kc5 58. Ra5+ Kc4 59. Ra4 Kc3 60. Ra8 b3 61. Rc8+ Kd2 62. Rb8 b2 63. Rb7 Kc2 64. Rc7+ Kb3 0-1

[Event "Kuala Lumpur op 3rd"]
[Site "Kuala Lumpur"]
[Date "2006.08.23"]
[Round "6"]
[White "Hussein, Jamil"]
[Black "Pg, Mohd Omar Ak Hira"]
[Result "1-0"]
[WhiteElo "2088"]
[BlackElo "2173"]
[PlyCount "89"]
[EventDate "2006.08.21"]
[EventType "swiss"]
[EventRounds "11"]
[EventCountry "MAS"]
[SourceTitle "CBM 114 Extra"]
[Source "ChessBase"]
[SourceDate "2006.11.03"]
[SourceVersion "1"]
[SourceVersionDate "2006.11.03"]
[SourceQuality "1"]

1. e4 c5 2. Nf3 Nc6 3. d4 cxd4 4. Nxd4 Nf6 5. Nc3 d6 6. Be2 e5 7. Nb3 Be7 8. Be3 0-0 9. 0-0 a5 10. a4 Be6 11. f4 exf4 12. Bxf4 Nb4 13. Kh1 Rc8 14. Bf3 d5 15. e5 Ne4 16. Nxe4 dxe4 17. Bxe4 Qxd1 18. Raxd1 g5 19. Bd2 Nxc2 20. Nxa5 Rfd8 21. Bxb7 Rc7 22. Bc3 Ne3 23. Rxd8+ Bxd8 24. Re1 Nc2 25. Rd1 Be7 26. Be4 Ne3 27. Rd3 Ng4 28. Kg1 Bc5+ 29. Kf1 Bb6 30. Ke1 Nf2 31. Rd8+ Kg7 32. Bc6 Ng4 33. Rd6 Bf2+ 34. Ke2 Ba7 35. b4 Ne3 36. b5 Nf5 37. Rd8 Ne7 38. Bd4 Bxd4 39. Rxd4 Ra7 40. Nb7 Bc8 41. Nd6 h5 42. Be4 Be6 43. b6 Ra6 44. Rb4 Nd5 45. b7 1-0

[Event "Asia-ch 5th"]
[Site "Hyderabad"]
[Date "2005.10.14"]
[Round "8"]
[White "Yogesh, Gore"]
[Black "Pg, Mohd Omar Ak Hira"]
[Result "1-0"]
[WhiteElo "2316"]
[BlackElo "2194"]
[PlyCount "91"]
[EventDate "2005.10.05"]
[EventType "swiss"]
[EventRounds "9"]
[EventCountry "IND"]
[SourceTitle "CBM 110"]
[Source "ChessBase"]
[SourceDate "2006.01.31"]
[SourceVersion "1"]
[SourceVersionDate "2006.01.31"]
[SourceQuality "1"]

1. Nf3 Nf6 2. d3 d5 3. g3 g6 4. Bg2 Bg7 5. Nbd2 Bf5 6. c4 c6 7. 0-0 0-0 8. Rb1 Nbd7 9. Nd4 Bg4 10. h3 e5 11. hxg4 exd4 12. g5 Ng4 13. cxd5 Qxg5 14. dxc6 Qh5 15. Nf3 bxc6 16. Re1 Rfe8 17. Bf4 h6 18. Qc2 Re6 19. b4 g5 20. Bc1 Rae8 21. b5 Rf6 22. Bxg5 hxg5 23. bxc6 Nb6 24. c7 Rc8 25. Rb5 Rg6 26. Qc5 Bf8 27. Qxd4 Rxc7 28. Qd8 Rd7 29. Qe8 Re6 30. Qxe6 fxe6 31. Rxg5+ Qxg5 32. Nxg5 Bc5 33. Ne4 Rc7 34. Bh3 Nh6 35. Bxe6+ Kg7 36. Kg2 Be7 37. f4 Ng8 38. g4 Nf6 39. Nxf6 Kxf6 40. Bb3 a5 41. g5+ Kg7 42. a4 Rc3 43. Rb1 Nd7 44. Bc4 Nc5 45. Rb5 Nxa4 46. Rb7 1-0

[Event "Asia-ch 5th"]
[Site "Hyderabad"]
[Date "2005.10.12"]
[Round "6"]
[White "Singh, Rishipal S"]
[Black "Pg, Mohd Omar Ak Hira"]
[Result "1/2-1/2"]
[WhiteElo "2299"]
[BlackElo "2194"]
[PlyCount "57"]
[EventDate "2005.10.05"]
[EventType "swiss"]
[EventRounds "9"]
[EventCountry "IND"]
[SourceTitle "CBM 110"]
[Source "ChessBase"]
[SourceDate "2006.01.31"]
[SourceVersion "1"]
[SourceVersionDate "2006.01.31"]
[SourceQuality "1"]

1. c4 Nf6 2. Nc3 d5 3. cxd5 Nxd5 4. g3 g6 5. Bg2 Nb6 6. d3 Bg7 7. Be3 Nc6 8. Qd2 Nd4 9. Rc1 Nf5 10. Bc5 0-0 11. e3 Re8 12. Nge2 e5 13. 0-0 c6 14. Rfd1 Be6 15. Qe1 Rc8 16. b3 Rc7 17. d4 exd4 18. Nxd4 Nxd4 19. Bxd4 Rd7 20. Bxg7 Kxg7 21. Rxd7 Nxd7 22. Rd1 Qe7 23. Rd4 Ne5 24. f4 Ng4 25. h3 Nh6 26. e4 Qc5 27. Qe3 Bxb3 28. g4 Rd8 29. Ne2 1/2-1/2

[Event "Asia-ch 5th"]
[Site "Hyderabad"]
[Date "2005.10.09"]
[Round "4"]
[White "Pg, Mohd Omar Ak Hira"]
[Black "Suvrajit, Saha"]
[Result "1/2-1/2"]
[WhiteElo "2194"]
[BlackElo "2378"]
[PlyCount "66"]
[EventDate "2005.10.05"]
[EventType "swiss"]
[EventRounds "9"]
[EventCountry "IND"]
[SourceTitle "CBM 110"]
[Source "ChessBase"]
[SourceDate "2006.01.31"]
[SourceVersion "1"]
[SourceVersionDate "2006.01.31"]
[SourceQuality "1"]

1. e4 d5 2. exd5 Qxd5 3. Nc3 Qa5 4. d4 c6 5. Bc4 Nf6 6. Nf3 Bg4 7. h3 Bh5 8. g4 Bg6 9. Ne5 e6 10. Qe2 Nbd7 11. Bd2 Bb4 12. a3 Nxe5 13. dxe5 Nd5 14. Bxd5 cxd5 15. Qb5+ Qxb5 16. Nxb5 Bxd2+ 17. Kxd2 Ke7 18. Rae1 Rac8 19. c3 a6 20. Nd4 h5 21. g5 Rc4 22. Ra1 Rhc8 23. Rhe1 Kd7 24. Re3 b6 25. Rf3 Kc7 26. Re3 Kb7 27. Rf3 b5 28. b4 Kb6 29. a4 bxa4 30. Rxa4 Rxd4+ 31. cxd4 Rc2+ 32. Ke1 Rc1+ 33. Kd2 Rc2+ 1/2-1/2

[Event "SEA Games op 22nd"]
[Site "Ho Chi Minh City"]
[Date "2003.12.10"]
[Round "4"]
[White "Pg, Mohd Omar Ak Hira"]
[Black "Thamtavatvorn, Taweechai"]
[Result "1-0"]
[WhiteElo "2140"]
[BlackElo "2231"]
[PlyCount "61"]
[EventDate "2003.12.08"]
[EventType "swiss"]
[EventRounds "9"]
[EventCountry "VIE"]
[SourceTitle "CBM 097 Extra"]
[Source "ChessBase"]
[SourceDate "2004.01.13"]
[SourceVersion "1"]
[SourceVersionDate "2004.01.13"]
[SourceQuality "1"]

1. e4 c5 2. Nf3 Nc6 3. d4 cxd4 4. Nxd4 Nf6 5. Nc3 e5 6. Ndb5 d6 7. Bg5 a6 8. Na3 b5 9. Nd5 Be7 10. Nxe7 Nxe7 11. Bd3 Bb7 12. Qe2 d5 13. Bxf6 gxf6 14. 0-0-0 Qa5 15. exd5 Nxd5 16. Qg4 Qb4 17. Be4 Ke7 18. Qf3 Nc3 19. Bxb7 Nxd1 20. Rxd1 Rad8 21. Bd5 Rd6 22. c3 Qh4 23. Nc2 Rhd8 24. Ne3 Kf8 25. g3 Qh6 26. Rd2 Qxh2 27. Nf5 R6d7 28. Rd1 Rxd5 29. Rxd5 Rxd5 30. Qxd5 Qg1+ 31. Qd1 1-0